Szczegóły MARC21

RS 232C : praktyczne programowanie : od Pascala i C++ do Delphi i Buildera /

003 -Nazwa inst., której nr kontr. jest w polu 001 [,]
    • @
    • Nazwa instytucji, której n kontrolny jest w polu 001
    • NUKAT
005 -DATA I CZAS OSTATNIEJ MODYFIKACJI [,]
    • @
    • pole kontrolne
    • 20241231095418.0
020 -Międzynarod. znormalizowany nr książki - ISBN [ , ]
    • a
    • Numer ISBN
    • 9788324607785 Find
040 -Instytucja sporządzająca opis [ , ]
    • a
    • Instytucja, która sporządziła opis (NP)
    • POZN 31/AK
    • c
    • Instytucja, która sporządziła rekord (NP)
    • POZN 31/AK
    • d
    • Instytucja, która zmodyfikowała rekord (P)
    • POZN 31/MK
    • d
    • Instytucja, która zmodyfikowała rekord (P)
    • Ł 30/BSts
    • d
    • Instytucja, która zmodyfikowała rekord (P)
    • KR 93/KKs
    • d
    • Instytucja, która zmodyfikowała rekord (P)
    • WR 16/sb
942 -Rodzaj dokumentu [ , ]
    • c
    • Rodzaj dokumentu
    • Książka
100 -Hasło główne - nazwa osobowa [1, ]
    • a
    • Nazwa osobowa (NP)
    • Daniluk, Andrzej
    • c
    • Dopowiedzenie inne niż daty biograficzne (P)
    • (informatyka).
    • 9
    • KHW
    • 624288
245 -Strefa tytułu i oznaczenia odpowiedzialności [1,0]
    • a
    • Tytuł
    • RS 232C : Find
    • b
    • Ciąg dalszy tytułu (NP)
    • praktyczne programowanie : od Pascala i C++ do Delphi i Buildera / Find
    • c
    • Pozostałe elementy strefy tytułu i oznaczenia odpowiedzialności (NP)
    • Andrzej Daniluk.
250 -Strefa wydania [ , ]
    • a
    • Oznaczenie wydania (NP)
    • Wyd. 3.
260 -Strefa adresu wydawniczego [ , ]
    • a
    • Miejsce wydania (P)
    • Gliwice:
    • b
    • Nazwa wydawcy (P)
    • Helion,
    • c
    • Data wydania (P)
    • 2007.
300 -Strefa opisu fizycznego [ , ]
    • a
    • Określenie formy książki i/lub objętość (NP)
    • 498 s. :
    • b
    • Oznaczenie ilustracji (NP)
    • il. ;
    • c
    • Format (NP)
    • 24 cm +
    • e
    • Oznaczenie dokumentu towarzyszącego (NP)
    • dysk optyczny (CD-ROM) ; 12 cm..
336 -Typ zawartości [ , ]
    • a
    • Termin opisujący typ zawartości
    • Tekst
    • b
    • Kod określający zawartość
    • txt
    • 2
    • Źródło (terminu i kodu)
    • rdacontent
337 -Typ mediów [ , ]
    • a
    • Tryb odtwarzania
    • Bez urządzenia pośredniczącego
    • b
    • Kod typu mediów
    • n
    • 2
    • Źródło (terminu i kodu)
    • rdamedia
338 -Typ/rodzaj nośnika [ , ]
    • a
    • Hasło opisujące typ nośnika
    • Wolumin
    • b
    • Kod typu nośnika
    • nc
    • 2
    • Źródło (terminu i kodu)
    • rdacarrier
500 -Uwaga ogólna [ , ]
    • a
    • Uwaga ogólna (NP)
    • Na s. tyt.: Wszechstronne wprowadzenie do obsługi transmisji szeregowej, poznaj standard RS 232C, naucz się korzystać z interfejsu RS 232C w systemie Windows, twórz oprogramowanie sterujące urządzeniami podłączanymi przez port szeregowy.
504 -Uwaga dot. bibliogr. załącznikowej [ , ]
    • a
    • Uwaga dot. bibliografii załącznikowej
    • Indeks.
080 -Uniwersalna Klasyfikacja Dziesiętna [ , ]
    • 2
    • Identyfikator wydania tablic
    • UDC-P058
    • 9
    • UKD
    • 2037
    • a
    • Symbol klasyfikacji
    • 004.35
    • b
    • Dopowiedzenie
    • Urządzenia peryferyjne. Urządzenia wejścia/ wyjścia. Czytniki. Karty graficzne. Karty muzyczne.
    • 4
    • UKD2
    • 8594
    • x
    • Poddział wspólny
    • (07)
    • c
    • Dopowiedzenie poddz. wspólnego
    • (Wydawnictwa dydaktyczne. Podręczniki).
080 -Uniwersalna Klasyfikacja Dziesiętna [ , ]
    • 2
    • Identyfikator wydania tablic
    • UDC-P058
    • 9
    • UKD
    • 1962
    • a
    • Symbol klasyfikacji
    • 004.032
    • b
    • Dopowiedzenie
    • Charakterystyki systemów.
    • 4
    • UKD2
    • 8594
    • x
    • Poddział wspólny
    • (07)
    • c
    • Dopowiedzenie poddz. wspólnego
    • (Wydawnictwa dydaktyczne. Podręczniki).
080 -Uniwersalna Klasyfikacja Dziesiętna [ , ]
    • 2
    • Identyfikator wydania tablic
    • UDC-P058
    • 9
    • UKD
    • 2089
    • a
    • Symbol klasyfikacji
    • 004.42
    • b
    • Dopowiedzenie
    • Programy komputerowe.
    • 4
    • UKD2
    • 8594
    • x
    • Poddział wspólny
    • (07)
    • c
    • Dopowiedzenie poddz. wspólnego
    • (Wydawnictwa dydaktyczne. Podręczniki).
650 -Hasło przedmiotowe [ ,7]
    • a
    • Hasło przedmiotowe
    • Transmisja danych
    • x
    • Określnik rzeczowy
    • podręczniki.
    • 2
    • Źródło terminu
    • kaba
    • 9
    • KHW
    • 375903
650 -Hasło przedmiotowe [ ,7]
    • a
    • Hasło przedmiotowe
    • Interfejsy (informatyka)
    • v
    • Określnik formalny
    • podręczniki.
    • 2
    • Źródło terminu
    • kaba
    • 9
    • KHW
    • 659628
650 -Hasło przedmiotowe [ ,7]
    • a
    • Hasło przedmiotowe
    • Pascal (język programowania)
    • v
    • Określnik formalny
    • podręczniki.
    • 2
    • Źródło terminu
    • kaba
    • 9
    • KHW
    • 415826
650 -Hasło przedmiotowe [ ,7]
    • a
    • Hasło przedmiotowe
    • C++ (język programowania)
    • v
    • Określnik formalny
    • podręczniki.
    • 2
    • Źródło terminu
    • kaba
    • 9
    • KHW
    • 372474
650 -Hasło przedmiotowe [ ,7]
    • a
    • Hasło przedmiotowe
    • Borland Delphi (język programowania)
    • v
    • Określnik formalny
    • podręczniki.
    • 2
    • Źródło terminu
    • kaba
    • 9
    • KHW
    • 659623
650 -Hasło przedmiotowe [ ,7]
    • a
    • Hasło przedmiotowe
    • Borland C++Builder (oprogramowanie)
    • v
    • Określnik formalny
    • podręczniki.
    • 2
    • Źródło terminu
    • kaba
    • 9
    • KHW
    • 659622
980 -Symbol UKD [ , ]
    • a
    • UKD
    • 004.35:004.032:004.42](07)
710 -Hasło dodatkowe - nazwa ciała zbiorowego [2, ]
    • a
    • Nazwa ciała zbiorowego lub nazwa geograficzna jako pierwszy element (NP)
    • Grupa Wydawnicza Helion.
    • 4
    • Kod relacji
    • pbl
    • 9
    • KHW
    • 51611
920 -ISBN [ , ]
    • a
    • ISBN
    • 978-83-246-0778-5 Find
Numer inwentarzowy Status udost. Lokalizacja Data inwentaryzacji Sygnatura
N.196691BG2010-05-31 
N.196681BG2010-05-31Informatyka